<?xml version="1.0" encoding="UTF-8"?>
<collection xmlns="http://www.loc.gov/MARC21/slim">
  <record>
    <leader>00000nam  2200000   4500</leader>
    <datafield tag="247" ind1="#" ind2="#">
      <subfield code="a"/>
    </datafield>
    <controlfield tag="Wor">$a 1</controlfield>
    <datafield tag="856" ind1="#" ind2="#">
      <subfield code="a">Perpustakaan Pusat LAN</subfield>
    </datafield>
    <datafield tag="700" ind1=" " ind2="#">
      <subfield code="a"/>
    </datafield>
    <datafield tag="650" ind1=" " ind2="#">
      <subfield code="a">Pancasila</subfield>
    </datafield>
    <datafield tag="520" ind1=" " ind2="#">
      <subfield code="a"/>
    </datafield>
    <datafield tag="321" ind1="#" ind2="#">
      <subfield code="a"/>
    </datafield>
    <datafield tag="310" ind1="#" ind2="#">
      <subfield code="a"/>
    </datafield>
    <datafield tag="300" ind1="#" ind2="#">
      <subfield code="a">141 hlm.</subfield>
      <subfield code="b">ilustrasi</subfield>
      <subfield code="c">23 cm</subfield>
      <subfield code="e"/>
    </datafield>
    <datafield tag="260" ind1="#" ind2="#">
      <subfield code="a">Jogyjakarta</subfield>
      <subfield code="b">Cakrawala</subfield>
      <subfield code="c">2022</subfield>
    </datafield>
    <controlfield tag="001">$a INLIS000000000020833</controlfield>
    <datafield tag="245" ind1="#" ind2="#">
      <subfield code="a">Salam Pancasila sebagai salam kebangsaan</subfield>
      <subfield code="b"/>
      <subfield code="c">Khoirul Anam</subfield>
    </datafield>
    <datafield tag="100" ind1=" " ind2="#">
      <subfield code="a">Khoirul,  Anam</subfield>
    </datafield>
    <datafield tag="084" ind1="#" ind2="#">
      <subfield code="a">320 KHO S</subfield>
    </datafield>
    <datafield tag="082" ind1="#" ind2="#">
      <subfield code="a">320.545</subfield>
    </datafield>
    <datafield tag="035" ind1="#" ind2="#">
      <subfield code="a">0010-0226000003</subfield>
    </datafield>
    <datafield tag="022" ind1="#" ind2="#">
      <subfield code="a">9786237362500</subfield>
    </datafield>
    <controlfield tag="008">$a 260218################g##########0#ind##</controlfield>
    <controlfield tag="005">$a 20260218144818</controlfield>
  </record>
</collection>
